Kiosek na pláži /
Hrdina románu českého sportovního publicisty a bulvárního novináře prožije konflikt s komunistickou mocí, úspěch v emigraci ve Francii a hořké vystřízlivění po převratu roku 1989. Vše nakonec završí radikálním rozhodnutím.
Uloženo v:
| Hlavní autor: | |
|---|---|
| Médium: | E-kniha |
| Jazyk: | Czech |
| Vydáno: |
Praha :
Blinkr,
2011
|
| Vydání: | Vyd. 1. |
| Témata: | |
| Tagy: |
Žádné tagy |
| LEADER | 01392cam a2200325 a 4500 | ||
|---|---|---|---|
| 001 | 292895 | ||
| 003 | CZ PrSKC | ||
| 005 | 20260407070749.0 | ||
| 007 | ta | ||
| 008 | 111103s2011 xr g 000 f cze d | ||
| 015 | |a cnb002257535 | ||
| 020 | |a 9788087579008 |q (váz.) | ||
| 035 | |a (OCoLC)776509560 | ||
| 040 | |a KLG001 |b cze |d OLA001 | ||
| 072 | 7 | |a 821.162.3-3 |x Česká próza |2 Konspekt | |
| 080 | |a 821.162.3-31 |2 MRF | ||
| 080 | |a (0:82-31) |2 MRF | ||
| 100 | 1 | |a Boom, Felix, |d 1950- |7 xx0127018 |4 aut | |
| 245 | 1 | 0 | |a Kiosek na pláži / |c Felix Boom |
| 250 | |a Vyd. 1. | ||
| 260 | |a Praha : |b Blinkr, |c 2011 | ||
| 300 | |a 285 s. ; |c 22 cm | ||
| 520 | 2 | |a Hrdina románu českého sportovního publicisty a bulvárního novináře prožije konflikt s komunistickou mocí, úspěch v emigraci ve Francii a hořké vystřízlivění po převratu roku 1989. Vše nakonec završí radikálním rozhodnutím. | |
| 655 | 7 | |a české romány |7 fd133974 |2 czenas | |
| 655 | 9 | |a Czech fiction |2 eczenas | |
| 900 | |a ABA001 |b 17 | ||
| 044 | |a xr | ||
| 910 | |a RBIT002 | ||
| 998 | |d 6388 |a https://core.palmknihy.cz/api/books/6388/cover?16aryf |b https://core.palmknihy.cz/api/books/6388/cover/400?5r1vu7 |c https://core.palmknihy.cz/api/books/6388/cover/50?74a2eo |e |g 285 |i 9788087579008 |j https://core.palmknihy.cz/api/books/6388/preview.epub |l |q 49 |r 1 |s https://www.palmknihy.cz/kniha/6388 |t ebook |y 2011 |z 0 | ||
| 999 | |d 292893 | ||